[Event "Commonwealth-ch"]
[Site "New Delhi"]
[Date "2007.12.05"]
[Round "5"]
[White "Lolla, Sembhu"]
[Black "Ajit, Singh"]
[Result "1-0"]
[WhiteElo "2023"]
[BlackElo "1829"]
[PlyCount "98"]
[EventDate "2007.12.03"]
[EventType "swiss"]
[EventRounds "10"]
[EventCountry "IND"]
[SourceTitle "CBM 121 Extra"]
[Source "ChessBase"]
[SourceDate "2008.01.10"]
[SourceVersion "1"]
[SourceVersionDate "2008.01.10"]
[SourceQuality "1"]

1. g3 Nf6 2. Bg2 d5 3. e3 g6 4. Ne2 Bg7 5. d4 0-0 6. 0-0 Re8 7. b3 Bd7 8. Bb2 Qc8 9. Nd2 Bh3 10. c4 Bxg2 11. Kxg2 Ne4 12. Nxe4 dxe4 13. Nc3 f5 14. f3 exf3+ 15. Qxf3 c6 16. Ne2 e5 17. Rad1 Nd7 18. Qf2 Nf6 19. h3 Qe6 20. Nc3 exd4 21. exd4 Ne4 22. Nxe4 Qxe4+ 23. Qf3 Qe2+ 24. Rf2 Qxf3+ 25. Kxf3 Rad8 26. d5 cxd5 27. Bxg7 Kxg7 28. Rfd2 Re5 29. Rxd5 Rexd5 30. cxd5 Kf6 31. h4 Rd7 32. g4 h6 33. gxf5 Kxf5 34. Rd2 Ke5 35. Rg2 Rd6 36. Re2+ Kxd5 37. Re7 Rb6 38. Rh7 h5 39. Kf4 Ke6 40. Kg5 Ke5 41. Rh6 Ra6 42. Rxg6 Rxa2 43. Kxh5 Rb2 44. Rg3 a6 45. Kg6 Rc2 46. h5 b5 47. h6 Kd5 48. h7 Rh2 49. Kg7 Kc5 1-0